| 000 | 00334nam a22001337a 4500 | ||
|---|---|---|---|
| 020 | _a978-0-273-78921-5 | ||
| 082 | _a658.15 | ||
| 100 | _aWeetman, Pauline | ||
| 245 |
_aFinancial & Management Accounting: _bAn Introduction |
||
| 250 | _a6th | ||
| 260 |
_aHarlow: _bPearson, _c2013 |
||
| 300 | _axxviii, 112p.; ill.; 26cm | ||
| 942 | _cBK | ||
| 999 |
_c22211 _d22211 |
||